Quizzes
Events
Quiz Creation
Community
Videos
Private Events
Remove Ads
Sign In
Join for FREE
Feedback
Dark Mode
Quiz Categories
Sports
Geography
Music
Movies
Television
Just For Fun
Miscellaneous
History
Literature
Language
Science
Gaming
Entertainment
Religion
Holiday
For Kids
Quiz Lab
Recent
Popular Today
Quiz Kudos Today
Editor Picks
Curator Picks
Quizzes by...
Day
Popularity
Type
Ratings
Length
Year
Community
Subscriptions
Recent Discussions
Orange Saloon
Badges
Playlists
Quests
Create
Leaderboards
Showdown
Live 5
Trivia Bingo
Activity
Puzzle Library
Sporcle Events
Private Events
Virtual Trivia
Globe League
Become a Host
Pub Owners
SporcleCon
Opinionation
Our Games
Videos
Blog
Mobile Apps
Partnerships
Remove Ads and Go Orange
Feedback
Music
Pop Music
The Beatles
Song
Album
Lyrics
Bands
Singers
Artist
Clip
Rock
Rap
Classical
Billboard
Country Music
Kpop
Taylor Swift
Music
Pop Music
The Beatles
Song
Album
Lyrics
Bands
Singers
Artist
Clip
Rock
Rap
Classical
Billboard
Country Music
Kpop
Taylor Swift
Random Quiz
Search Sporcle
×
Quiz Lab
Quiz Lab
Music
Billboard
Type in answers that appear in a list
Type in answers that appear in a list
Classic
Best Score? Go Orange.
Top 100 Songs Of 2015 Stats
Can you name the top 100 songs of 2015 according to the Billboard Hot 100?
By
hopalcirace
15m
100 Questions
121 Plays
121 Plays
121 Plays
Comments
Comments
Give Quiz Kudos
Give Quiz Kudos
-
- Ratings
hide this ad
Replay
Link that replays current quiz
Next Quiz
Link to next quiz in quiz playlist
You Got
0%
They Got
Avg Score
32%
Avg Friend Score
Upgrade to see
Score Distribution
Jump to the score distribution portion of the page
Score
0/100
Timer
15:00
0
Plays Today
Position
Song
% Correct
1.
Uptown Funk!
90.1%
3.
See You Again
79.3%
2.
Thinking Out Loud
69.4%
6.
Shut Up And Dance
68.6%
5.
Sugar
66.9%
7.
Blank Space
64.5%
14.
Take Me To Church
63.6%
35.
Hello
59.5%
4.
Trap Queen
58.7%
15.
Bad Blood
57.9%
8.
Watch Me (Whip
56.2%
18.
Shake It Off
55.4%
11.
Cheerleader
54.5%
12.
Can't Feel My Face
54.5%
10.
The Hills
52.9%
28.
All About That Bass
52.9%
13.
Love Me Like You Do
50.4%
16.
Lean On
50.4%
20.
Fight Song
50.4%
36.
Stitches
49.6%
58.
Stay With Me
47.9%
90.
Chandelier
46.3%
80.
Bang Bang
44.6%
22.
Lips Are Movin'
43%
29.
Style
41.3%
23.
Worth It
40.5%
38.
Jealous
40.5%
57.
Wildest Dreams
40.5%
9.
Earned It
38.8%
19.
Where Are Ü Now
38.8%
42.
FourFive Seconds
38.8%
92.
Don't
38.8%
30.
Hotline Bling
37.2%
46.
Animals
35.5%
Position
Song
% Correct
31.
Hey Mama
34.7%
33.
What Do You Mean?
34.7%
40.
Locked Away
34.7%
43.
Centuries
34.7%
71.
Riptide
34.7%
17.
Want To Want Me
33.9%
25.
Honey, I'm Good.
33.1%
74.
Dear Future Husband
33.1%
34.
Photograph
32.2%
77.
Habits (Stay High)
32.2%
76.
Like I'm Gonna Lose You
31.4%
53.
Cool For The Summer
30.6%
56.
Love Me Harder
30.6%
65.
Drag Me Down
30.6%
73.
Ex's & Oh's
30.6%
75.
Marvin Gaye
30.6%
94.
Here
30.6%
26.
I'm Not The Only One
29.8%
52.
Elastic Heart
29.8%
89.
Budapest
28.9%
93.
Ghost
28.9%
21.
679
28.1%
27.
Good For You
28.1%
100.
How Deep Is Your Love
27.3%
67.
One Last Time
24.8%
37.
Talking Body
24%
54.
Renegades
24%
60.
Uma Thurman
24%
32.
G.D.F.R.
23.1%
84.
Downtown
23.1%
95.
Waves
23.1%
41.
Somebody
22.3%
68.
Chains
22.3%
81.
Lay Me Down
21.5%
Position
Song
% Correct
24.
Post To Be
20.7%
51.
Only
20.7%
91.
Heartbeat Song
20.7%
98.
Night Changes
19.8%
39.
Time Of Our Lives
19%
44.
My Way
19%
45.
Take Your Time
19%
47.
I Don't F*** With You
18.2%
55.
I Don't Mind
17.4%
70.
No Type
17.4%
78.
The Hanging Tree
16.5%
63.
Girl Crush
15.7%
69.
All Eyes On You
15.7%
83.
Hit The Quan
15.7%
85.
House Party
15.7%
48.
B**** Better Have My Money
14.9%
79.
CoCo
14.9%
82.
Tuesday
14.9%
59.
You Know You Like It
14%
62.
The Heart Wants What It Wants
14%
66.
Truffle Butter
14%
72.
Classic Man
14%
86.
Ayo
14%
49.
Flex (Ooh, Ooh, Ooh)
13.2%
50.
Nasty Freestyle
13.2%
61.
7-11
13.2%
96.
El Perdón
13.2%
64.
Slow Motion
12.4%
88.
Blessings
10.7%
97.
She Knows
9.9%
87.
Kick The Dust Up
9.1%
99.
Back To Back
8.3%
Quiz Playlist
Details
Report
Send in Message
Add To Playlist
Classic:
Type in answers that appear in a list
Last Updated: May 26, 2017
Quiz Scoreboard
CHALLENGE
Sign Up to Join the Scoreboard
Show All
Scores
Hide
Comments
May contain spoilers
Recently Published
9x9 Crossword: Cartoon Network
by jackfrog10
Miscellaneous
3m
College Basketball Coaching Resumes
by pancakes188
Sports
9m
Billboard Blitz: Fleetwood Mac
by CooCooCachoo
Music
15s
More to Explore
Quiz From the Vault
Featured Blog Post
Where Did the Easter Bunny Come From?
hide this ad
You Might Also Like...
Tags
Billboard Quiz
2015
Top 100
Today's Top Quizzes in Music
Browse Music
hide this ad
Today's Top Quizzes in Billboard
Browse Billboard
Top Contributed Quizzes in Music
1
Taylor Swift All Songs (2024)
2
Guess the Artist- 70s Songs
3
7-to-1: Billboard Hot 100 #1 Hits of 2010s
4
Sorting Albums and Songs
5
Taylor Swift Logic Puzzle
6
KPOP LOGIC QUIZ
7
Guess the Taylor Swift song (Mystery Song)
8
Guess The Taylor Swift Lyrics Song #1
9
Billboard Blitz: ABBA
10
One Thing in Common: Music
Explore More
Trending Topics
Anime
Harry Potter
Kpop
Disney
Crossword
NBA
Marvel
Song
WWE
Soccer
Puzzle
NFL
Country
The Office
Pokémon
hide this ad
More By:
hopalcirace
Quiz
Plays
Rating
Category
Featured
Created
Female Singers #1 Songs
17,873
4.31
Music
Jan 11, 2017
Guess The Song: Little Mix
9,690
4.00
Music
Jan 1, 2017
Little Mix Songs By Letter
6,796
3.67
Music
Aug 10, 2017
The Ultimate Little Mix Quiz
5,428
2.33
Music
Mar 11, 2017
Little Mix: Who Sang It?
4,688
5.00
Music
Apr 21, 2017
Go to Creator's Profile
Score Distribution
Quiz Creator Spotlight
hopalcirace
Follow
Send a Message
Quizzes Created
-
Created Quiz Play Count
-
More By This Creator
Popular Quizzes Today
1
Find the US States - No Outlines Minefield
2
Find the Countries of Europe - No Outlines Minefield
3
The Countries of the World
4
Find the US States
5
Risky Map Clicking: Biggest States A-Z
6
US States
7
Popular People in 1961
8
Movies - When Are They Set?
More Music Quizzes
Kpop playlist on shuffle
Quiz Lab
Trending Quizzes
Risky Map Clicking: Least Populous States A-Z
1-10 Letter G Words
1-10 Letter F Words
Risky Map Clicking: Next State Alphabetically
Adjectives in 80s TV Shows
Recently Updated
Leaping Animals
pecheneg
Reality TV Shows (A-Z)
bhenderson79
Rickey Henderson's Hall of Fame Teammates
pecheneg
Champions League XIs: Arsenal
pecheneg
Quick Pick: Celebrities in WWE's Hall of Fame
aduchscher
A-Z Keypad Blitz II
pecheneg
Multiple Oscar Actors
pecheneg
Mystery Phrase Blitz: Oscar 'Best Actors'
pecheneg
F. Scott Fitzgerald Novels
LTH
Pick 3 Villains
ddd62291
Trending Topics
Kpop
Crossword
NBA
Harry Potter
Disney
Marvel
Anime
Soccer
WWE
Puzzle
Song
Pokémon
Country
The Office
NFL
Your Account Isn't Verified!
In order to create a playlist on Sporcle, you need to verify the email address you used during registration. Go to your
Sporcle Settings
to finish the process.
Report this User
Report this user for behavior that violates our
Community Guidelines
.
Details:
Send Report
Go to the Sporcle.com Mobile Site →
Comments